| 000 | 01288nam a22002777a 4500 | ||
|---|---|---|---|
| 999 |
_c64062 _d64062 |
||
| 005 | 20240530110712.0 | ||
| 008 | 180212s2016 ua g 000 0 ara d | ||
| 017 |
_a19324 _bمصر. دار الكتب |
||
| 020 | _a9789773833211 | ||
| 040 |
_aEG-CaGPL _cEG-CaGPL |
||
| 082 | 0 | 4 |
_221 _a940.3 / _bل ا |
| 245 | 0 | 0 |
_aاندلاع الحرب العالمية الاولى من المسؤول ؟ = _bThe Outbreak of the First World War Whi Was Responsible / _cتحرير وتقديم دوايت اى. لى ؛ ترجمة محمد مصطفى الغوج |
| 246 | 1 | 1 | _aThe Outbreak of the First World War Whi Was Responsible |
| 250 | _aط. 1 | ||
| 260 |
_aالقاهرة : _bايتراك للطباعة و النشر و التوزيع ، _c2016. |
||
| 300 |
_a204 ص. ؛ _c24 سم. |
||
| 650 | 0 | 7 |
_2qrmak _aالحرب العالمية الاولى |
| 650 | 0 | 7 |
_2qrmak _aالسياسة الدولية |
| 650 | 0 | 7 |
_2qrmak _aالحرب العالمية الاولى _xاسباب اقتصادية |
| 650 | 0 | 7 |
_2qrmak _aالحرب العالمية الاولى _xاسباب سياسية |
| 651 | _2qrmak | ||
| 700 | 1 |
_aلى، دوايت اى. _eمحرر ومقدم |
|
| 700 | 0 |
_aمحمد مصطفى الغوج _eمترجم |
|
| 942 |
_2ddc _cBK |
||